00802cam a2200241 a 450000100100000000500170001000800410002702000150006803500190008304000350010205000150013708200160015210000310016824500780019926000310027730000280030849000520033650000360038850400400042465000240046483000290048883000430051700001178720200929162550.0780606s1974 sp a b 001 0 spa  a8470080563 a(DLC) 75585656 aDO-SdBNPcICUdICUdDLCdBNPHU00aP158b.L58 axxxxbL864i1 aLópez Morales, Humberto.10aIntroduccion a la lingüística generativa /cHumberto López Morales. aMadrid :bAlcalá,c1974. a225 p. :bil. ;c24 cm.1 aColeccion Romania ;v16.aSerie Lingüística aIncluye glosario de términos. aIncluye bibliografía: p. 217-224. 0aGenerative grammar. 0aColeccion Romania ;v16. 0aColeccion Romania.pSerie Lingiistica.